1153 1274 1168 1183 1348 1229 1804 1797 1652 1981 1914 1156 1391 1777 1905 1860 1071 1734 1841 1499 1232 1126 1483 1986 1328 1272 1785 1624 1816 1187 1363 1777 1182 1675 1428 1212 1904 1696 1261 1522 1648 1832 1222 1609 1857 1758 1845 1655 1046 1050 1504 1135 1602 1795 1513 1453 1110 1595 1741 1372 1000 1818 1665 1872 1802 1185 1185 1714 1152 1651 1825 1827 1388 1269 1625 1727 1771 1470 1016 1146 1264 1123 1653 1237 1345 1470 1992 1105 1718 1509 1014 1968 1780 1220 1779 1614 1699 1493 1574 BCNSPRNW ULIB Ver.6.0+V

เปลี่ยนเป็นภาษาไทย

Change to English
 แสดงรายละเอียดบรรณานุกรม
  กลับหน้าหลัก

Brief Record : Get Marc (ISO 2709) : E-mail record : QR code < ปิดหน้าต่าง
LEADER : 00000nam 2200000uu 4500
001    13399124303
003     ULIB
008    150227s2557||||th 000 0 tha d
020    ^a9786162795817
060  4 ^aWA525^bน199
100 0  ^aนวรัตน์ สุวรรณผ่อง
245 00 ^aนโยบายสุขภาพ :^bการจัดทำ วิเคราะห์ และประเมินผล /^cนวรัตน์ สุวรรณผ่อง ... [และคนอื่นๆ].
250    ^aพิมพ์ครั้งที่ 1
260    ^aนครปฐม :^bสำนักพิมพ์มหาวิทยาลัยมหิดล,^c2557.
300    ^axvi, 216 หน้า :^bภาพประกอบ ;^c24 ซม.
650  7 ^aนโยบายสาธารณสุข
650  7 ^aการส่งเสริมสุขภาพ
650  7 ^aนโยบายด้านสุขภาพ ^xการประเมิน
650  7 ^aการวางแผนอนามัย
700 0  ^aนวรัตน์ สุวรรณผ่อง.
945    ^p180^l0^i22906
945    ^p180^l0^i22907
945    ^p180^l0^i22908
945    ^p180^l0^i22909
945    ^p180^l0^i22910
999    ^aทศพร เกษรทอง
รายการนี้ยังไม่มีแท็ก
คุณยังไม่ได้ล็อกอิน คุณสามารถมีกิจกรรมร่วมกับเว็บไซต์ได้ แต่ต้องล็อกอินก่อน ::
  ล็อกอิน

รายการสื่อสารสนเทศ

ลำดับที่ ประเภท เลขเรียก/บาร์โค้ด สถานที่ สถานะ
1. วิทยาศาสตร์การแพทย์ และสุขภาพ
วิทยาศาสตร์การแพทย์ และสุขภาพ
สถานะ=หนังสือเก่า
WA525 น199 ฉ.1 
  Barcode: 22906
ห้องสมุดวิทยาเขตนครสวรรค์
►ส่วนจัดเก็บหนังสือเก่า นว.
บนชั้น
  ขอยืม
2. วิทยาศาสตร์การแพทย์ และสุขภาพ
วิทยาศาสตร์การแพทย์ และสุขภาพ
สถานะ=หนังสือเก่า
WA525 น199 ฉ.2 
  Barcode: 22907
ห้องสมุดวิทยาเขตนครสวรรค์
►ส่วนจัดเก็บหนังสือเก่า นว.
บนชั้น
  ขอยืม
3. วิทยาศาสตร์การแพทย์ และสุขภาพ
วิทยาศาสตร์การแพทย์ และสุขภาพ
สถานะ=หนังสือเก่า
WA525 น199 ฉ.3 
  Barcode: 22908
ห้องสมุดวิทยาเขตนครสวรรค์
►ส่วนจัดเก็บหนังสือเก่า นว.
บนชั้น
  ขอยืม
4. วิทยาศาสตร์การแพทย์ และสุขภาพ
วิทยาศาสตร์การแพทย์ และสุขภาพ
สถานะ=หนังสือเก่า
WA525 น199 ฉ.4 
  Barcode: 22909
ห้องสมุดวิทยาเขตนครสวรรค์
►ส่วนจัดเก็บหนังสือเก่า นว.
บนชั้น
  ขอยืม
5. วิทยาศาสตร์การแพทย์ และสุขภาพ
วิทยาศาสตร์การแพทย์ และสุขภาพ
สถานะ=หนังสือเก่า
WA525 น199 ฉ.5 
  Barcode: 22910
ห้องสมุดวิทยาเขตนครสวรรค์
►ส่วนจัดเก็บหนังสือเก่า นว.
บนชั้น
  ขอยืม

รายการใกล้เคียง
    ผู้แต่ง [นวรัตน์ สุวรรณผ่อง]

    หัวเรื่อง [นโยบายสาธารณสุข]
    หัวเรื่อง [การส่งเสริมสุขภาพ]
    หัวเรื่อง [การวางแผนอนามัย]

BibComment


ยังไม่เคยถูกคอมเมนท์

คอมเมนท์ทรัพยากรรายการนี้
  คอมเมนท์: นโยบายสุขภาพ กา..


 Copyright 2026. Bcnsprnw @Library